Catalog

Record Details

Catalog Search



Hitlers Meisterspion : das Rätsel Wilhelm Canaris / Richard Bassett ; mit einem Vorwort von Inga Haag – Zeitzeugin und ehemalige Mitarbeiterin von Wilhelm Canaris ; [aus dem Englischen übersetzt von Marie-Therese Pitner und Susanna Grabmayr]

Bassett , Richard (Author). Haag, Inga (Author of introduction, etc.). Pitner, Marie-Therese (Translator). Grabmayr, Susanna (Translator).

Record details

  • ISBN: 978-3-205-77625-3 (váz.)
  • Physical Description: 309, [16] s.obr.příl. : il. ; 25 cm
  • Publisher: Wien : Böhlau, c2007

Content descriptions

General Note:
Přeloženo z angličtiny
Bibliography, etc. Note:
Obsahuje bibliografii a rejstřík

Available copies

  • 1 of 1 copy available at Common Catalog SPOK.

Holds

  • 0 current holds with 1 total copy.
Show Only Available Copies
Location Call Number / Copy Notes Barcode Shelving Location Status Due Date
Terezin Initiative Institute 5566 4594305566 Knihovna ITI Available -

Electronic resources

Related Resource: Anotace


LDR 01960cam a2200481 a 4500
00127912
003CZ-PrJAB
00520230123092320.0
008091221s2007 au af gr 001 0bger d
020 . ‡a978-3-205-77625-3 (váz.)
035 . ‡a(CONS)2734
035 . ‡a(CZ PrSKC)zpk20091993368
035 . ‡a(OCoLC)184699078
040 . ‡aGWDNB ‡bcze ‡dGBVCP ‡dABA001
0411 . ‡ager ‡heng
080 . ‡a929 ‡2MRF
080 . ‡a355.083.4 ‡2MRF
080 . ‡a355.404.51:355.1 ‡2MRF
080 . ‡a355.483(100)"1939/1945" ‡2MRF
080 . ‡a(430) ‡2MRF
080 . ‡a(092) ‡2MRF
1001 . ‡aBassett , Richard ‡4aut
24510. ‡aHitlers Meisterspion : ‡bdas Rätsel Wilhelm Canaris / ‡cRichard Bassett ; mit einem Vorwort von Inga Haag – Zeitzeugin und ehemalige Mitarbeiterin von Wilhelm Canaris ; [aus dem Englischen übersetzt von Marie-Therese Pitner und Susanna Grabmayr]
260 . ‡aWien : ‡bBöhlau, ‡cc2007
300 . ‡a309, [16] s.obr.příl. : ‡bil. ; ‡c25 cm
500 . ‡aPřeloženo z angličtiny
504 . ‡aObsahuje bibliografii a rejstřík
7001 . ‡aHaag, Inga ‡4aui
7001 . ‡aPitner, Marie-Therese ‡7jcu2011639173 ‡4trl
7001 . ‡aGrabmayr, Susanna ‡4trl
85642. ‡uhttp://deposit.d-nb.de/cgi-bin/dokserv?id=2957201&prov=M&dok_var=1&dok_ext=htm ‡qtext/html ‡yAnotace ‡4N
8524 . ‡bJACH-ITI ‡bJACH-ITI ‡cKnihovna ITI ‡j5566 ‡p5566 ‡y$0.00
910 . ‡aABE340 ‡b5566
995 . ‡askok
901 . ‡a27912 ‡bISxN ‡c27912 ‡tbiblio

Additional Resources